000 003030000a22001330004500
041 0 _aSPA
082 0 4 _aG 868.922 C2665e
100 1 _aCardenal, Ernesto
245 1 0 _aEn Cuba / Ernesto Cardenal
260 _aBogotá, Colombia : Círculo de Lectores
300 _a382 Pag
001 11173
942 _cBK
999 _c40539
_d40539